[Event "Avoine op 26th"]
[Site "Avoine"]
[Date "2011.07.30"]
[Round "8"]
[White "Dupre Depril, Tom"]
[Black "Algaba, Solene"]
[Result "1/2-1/2"]
[WhiteElo "1771"]
[BlackElo "1975"]
[PlyCount "63"]
[EventDate "2011.07.23"]
[EventType "swiss"]
[EventRounds "9"]
[EventCountry "FRA"]
[SourceTitle "EXT 2012"]
[Source "ChessBase"]
[SourceDate "2011.11.24"]
[SourceVersion "1"]
[SourceVersionDate "2011.11.24"]
[SourceQuality "1"]

1. e4 d5 2. exd5 Qxd5 3. Nc3 Qa5 4. d4 Nf6 5. Bc4 Bg4 6. Nge2 e6 7. Bd2 c6 8. 0-0 Qc7 9. h3 Bh5 10. Qc1 Bd6 11. Nf4 Bg6 12. Re1 0-0 13. Nxg6 hxg6 14. Ne4 Nxe4 15. Rxe4 Nd7 16. Bg5 b5 17. Bd3 e5 18. Qd2 exd4 19. Rxd4 Be5 20. Bf4 Rae8 21. Bf1 Nf6 22. Bxe5 Qxe5 23. c3 Re7 24. Rd1 Rfe8 25. Qf4 Qh5 26. Rd8 Kh7 27. Rxe8 Rxe8 28. Qd2 Re6 29. Re1 Rxe1 30. Qxe1 Qd5 31. b3 a6 32. c4 1/2-1/2

[Event "FRA-ch U18"]
[Site "Montlucon"]
[Date "2011.04.17"]
[Round "1"]
[White "Dupre Depril, Tom"]
[Black "Ollier, Milan"]
[Result "0-1"]
[WhiteElo "1752"]
[BlackElo "2138"]
[PlyCount "58"]
[EventDate "2011.04.17"]
[EventType "swiss"]
[EventRounds "9"]
[EventCountry "FRA"]
[SourceTitle "CBM 142 Extra"]
[Source "ChessBase"]
[SourceDate "2011.06.27"]
[SourceVersion "1"]
[SourceVersionDate "2011.06.27"]
[SourceQuality "1"]

1. e4 c5 2. Nc3 Nc6 3. g3 Rb8 4. Bg2 b5 5. d3 b4 6. Nb1 g6 7. f4 d6 8. Nd2 Bg7 9. Ngf3 Nf6 10. 0-0 0-0 11. Nc4 Nd7 12. g4 Nb6 13. Ne3 a5 14. h4 a4 15. a3 Nd4 16. h5 Nb5 17. axb4 a3 18. Ra2 Na4 19. c3 axb2 20. Bxb2 Naxc3 21. Bxc3 Nxc3 22. Qc2 Nxa2 23. Qxa2 cxb4 24. hxg6 hxg6 25. f5 b3 26. Qa7 Rb7 27. Qa6 b2 28. Qa2 Qb6 29. Kf2 b1Q 0-1